| 000 | 00921nam a2200229Ia 4500 | ||
|---|---|---|---|
| 999 |
_c38455 _d38455 |
||
| 001 | 4467 | ||
| 003 | GE_BSU | ||
| 005 | 20190520143633.0 | ||
| 008 | 181216s1964||||ge |||||||||||||| ||geo|| | ||
| 040 | _cGE_BSU | ||
| 041 | _ageo | ||
| 080 | _a531(075.8)+531(016.3) ვ–30 | ||
| 100 |
_aვეკუა,ნ. _91379 |
||
| 245 |
_aთეორიული მექანიკა : სახელმძღვ. / _cნ. ვეკუა ; რედ : ლ.კვატაშიძე. |
||
| 250 | _aმეორე შესწორებული და შევსებული გამოც. | ||
| 264 |
_aთბილისი : _bგანათლება, _c1964. |
||
| 300 |
_a576 გვ .: _c26 სმ. |
||
| 653 | _aთეორიული მექანიკა | ||
| 653 | _aფიზიკა | ||
| 700 |
_aკვატაშიძე, ლ _eრედაქტორი _91380 |
||
| 942 |
_cBK _2udc |
||